Statistieken voor Willekeurige Amerikaanse landen op een kaart

Klik hier om de quiz te nemen!

Algemene statistieken

  • Deze quiz is 2.825 keer genomen
  • De gemiddelde score is 10 van 12

Antwoorden op de kaart

Antwoorden kleurgecodeerd door een groen-rode schaal op de quizkaart volgens % correct hieronder.
 

Antwoordstatistieken

Land% Correct
Brazilië
99%
Canada
99%
Mexico
99%
Verenigde Staten
99%
Chili
97%
Colombia
95%
Peru
94%
Argentinië
93%
Cuba
93%
Venezuela
93%
Paraguay
92%
Suriname
91%
Uruguay
90%
Bahama's
89%
Panama
89%
Bolivia
88%
Guyana
87%
Ecuador
86%
Honduras
84%
El Salvador
83%
Haïti
83%
Nicaragua
83%
Guatemala
81%
Costa Rica
79%
Jamaica
77%
Belize
76%
Dominicaanse Republiek
76%
Trinidad en Tobago
70%
Dominica
67%
Saint Lucia
66%
Saint Kitts en Nevis
65%
Barbados
63%
Grenada
62%
Saint Vincent en de Grenadines
59%
Antigua en Barbuda
53%

Scoreverdeling

Percentiel versus Aantal Correcte Antwoorden

Procent van Mensen met Elke Score

Uw Scoregeschiedenis

U heeft deze quiz nog niet genomen